000 01198cam a2200253 4500
001 B2925
008 090401t1989 xxu||||| |||| 00| 0 eng d
035 _a(Sirsi) u52937
041 _aeng
050 _a711.1
110 _aJournal of Planning and Environment Law
_92913
245 _aNew orders, new rules, new assessments - in practice. Papers from a conference held at Oxford, September 1989, organised by the Bar Council , the Law Society and the Royal Institution of Chartered Surveyors
260 _aLondon
_bSweet and Maxwell
_c1989
300 _aii,95p. ; 25cm.
350 _a5.95
490 _aJournal of Planning and Environment Law Occasional Paper
_v16
520 _aPapers by Howard,M. ; Thomas,P.E. ; Orchard-Lisle,P.D. ; Lichfield,N. ; Haigh,C.N.A. ; Gatenby,I.C. Read,L.F. Papers:- Planning applications ,appeals development plans .-Business use class.-Property market approach to use classes .-Environmental assessment.- European Community land use .-Inquiries procedure rules.-Private bill procedure.
650 _aB1 USE
650 _aENVIRONMENTAL IMPACT ASSESSMENTS
650 _aPLANNING APPEALS
650 _aPRIVATE BILLS
942 _n0
948 _c04/03/1997
999 _c93198
_d93198